000 00798nam a2200253 a 4500
001 43293
003 BD-RjUL
005 20211209053658.0
008 160620r19511906enk 001 0 eng d
035 _a(BD-RjUL)43411
040 _aURB
_cURB
_dm/c
_dBD-RjUL
_beng
041 _aeng
082 _223
_a808.042
_bFOK 1951
100 1 _aFowler, H. W.
_q(Henry Watson),
_d1858-1933.
_9132968
245 1 4 _aThe King's English /
_cby H.W. Fowler and F.G. Fowler.
250 _a3rd ed.
260 _aOxford :
_bClarendon press,
_c1906 [ Reprinted in 1951 ]
300 _a383 p. ;
_c22 cm.
500 _aIncludes index.
650 0 _aEnglish language
_xUsage.
_9119767
650 0 _aEnglish language
_xGrammar.
_9132969
700 1 _aFowler, F. G.
_q(Francis George),
_d1870-1918.
_9132970
942 _2ddc
_cBK
999 _c43293
_d43293